| 000 | 01074cam a2200205 a 4500 | ||
|---|---|---|---|
| 020 | _a9780816070008 | ||
| 020 | _a9780816070015 | ||
| 082 | 0 | 0 |
_a904.5 _bDAV _cN-04, P-18 |
| 100 | 1 |
_aDavis, Lee _936313 |
|
| 245 | 1 | 0 |
_aNatural disasters / _cLee Davis. |
| 250 | _aNew ed. | ||
| 260 |
_aNew York : _bFacts On File, _cc2008. |
||
| 300 |
_axvi, 464 p., 8 p. of plates : _bill. (some col.) ; _c29 cm. |
||
| 505 | 0 | _aAvalanches and landslides -- Earthquakes -- Famines and droughts -- Floods -- Plagues and epidemics -- Cyclones -- Hurricanes -- Icestorms and snowstorms -- Tornadoes -- Storms -- Typhoons -- Volcanic eruptions and natural explosions. | |
| 520 | _aDiscusses more than five hundred natural calamities that have devastated humanity and changed history, including hurricanes, earthquakes, famines and droughts, floods, plagues and epidemics, and volcanic eruptions. Simultaneous. | ||
| 526 |
_a0 _b0 _c0 _d904_500000000000000_DAV |
||
| 650 | 0 |
_aNatural disasters. _bNUST _936289 |
|
| 856 | 4 | 1 | _uhttp://www.loc.gov/catdir/toc/ecip086/2007050846.html |
| 942 |
_2ddc _cBK |
||
| 999 |
_c541441 _d541441 |
||